My kind of Christmas #20/ Robyn Carr.
Available copies
- 2 of 2 copies available at LARL/NWRL Consortium.
Current holds
0 current holds with 2 total copies.
View other formats and editions
Show All Copies
| Location | Call Number / Copy Notes | Barcode | Shelving Location | Status | Due Date |
|---|---|---|---|---|---|
| Roseau Public Library | CAR (Text) | 35500005305667 | Main | Available | - |
| Warroad Public Library | CAR (Text) | 35500005449911 | Main | Available | - |
Record details
- ISBN: 9781620905654
- ISBN: 1620905655
- Physical Description: 314 p. ; 22 cm.
- Publisher: Don Mills, Ont. : Harlequin, c2012.
Content descriptions
| Summary, etc.: | Patrick Riordan's plans for a relaxing ... Read More |
Search for related items by subject
| Subject: | Man-woman relationships > Fiction. Air pilots > Fiction. Mothers and daughters > Fiction. |
| Genre: | Love stories. Christmas stories. |
Search for related items by series
| LDR | 01326cam a2200337Ia 4500 | ||
|---|---|---|---|
| 001 | 156696 | ||
| 003 | LARL_NWRL_CONSORTIUM | ||
| 005 | 20130919141609.0 | ||
| 008 | 121205s2012 onc 000 1 eng d | ||
| 020 | . | ‡a9781620905654 | |
| 020 | . | ‡a1620905655 | |
| 035 | . | ‡a(OCoLC)820353257 | |
| 049 | . | ‡aNRGB | |
| 090 | . | ‡aPS3603.A76334 ‡bM9 2012 | |
| 100 | 1 | . | ‡aCarr, Robyn. ‡0(LARL_NWRL_CONSORTIUM)60624 |
| 245 | 1 | 0. | ‡aMy kind of Christmas ‡n#20/ ‡cRobyn Carr. |
| 260 | . | ‡aDon Mills, Ont. : ‡bHarlequin, ‡cc2012. | |
| 300 | . | ‡a314 p. ; ‡c22 cm. | |
| 490 | 0 | . | ‡aVirgin River; ‡v20 |
| 520 | . | ‡aPatrick Riordan's plans for a relaxing Christmas--a much-needed break from his work as a Navy pilot--are complicated when he falls for Angie LeCroix, who is visiting Virgin River in order to escape her hovering mother. | |
| 650 | 0. | ‡aMan-woman relationships ‡vFiction. ‡0(LARL_NWRL_CONSORTIUM)165985 | |
| 650 | 0. | ‡aAir pilots ‡vFiction. ‡0(LARL_NWRL_CONSORTIUM)163361 | |
| 650 | 0. | ‡aMothers and daughters ‡vFiction. ‡0(LARL_NWRL_CONSORTIUM)166030 | |
| 655 | 0. | ‡aLove stories. | |
| 655 | 0. | ‡aChristmas stories. | |
| 901 | . | ‡a156696 ‡bOCLC ‡c156696 ‡tbiblio | |

Add to basket
Permalink
Disable Highlighting